1502 1502 1819 1377 1821 1392 1557 1770 1974 1511 1149 1874 1242 1254 1856 1194 1402 1133 1185 1584 1927 1283 1432 1031 1550 1479 1306 1666 1418 1157 1877 1632 1048 1501 1275 1239 1060 1686 1576 1898 1260 1825 1729 1115 1410 1420 1625 1566 1817 1907 1151 1293 1669 1704 1697 1371 1978 1524 1686 1853 1912 1383 1324 1210 1015 1232 1263 1379 1506 1177 1684 1160 1744 1368 1323 1526 1493 1772 1858 1958 1098 1040 1717 1293 1502 1424 1017 1848 1268 1190 1437 1827 1625 1747 1579 1356 1895 1038 1817 BCNSPRNW ULIB Ver.6.0+V

เปลี่ยนเป็นภาษาไทย

Change to English
 แสดงรายละเอียดบรรณานุกรม
  กลับหน้าหลัก

Brief Record : Get Marc (ISO 2709) : E-mail record : QR code < ปิดหน้าต่าง
LEADER : 00000nam 2200000uu 4500
001    13399111542
003     ULIB
008    110630s||||||||th 000 0 tha d
020    9749477146
020    9789749477144
050  4 BQ4570^bอ692จ 2552
100 0  อำพล จินดาวัฒนะ
245 10 จิตอาสา พลังสร้างโลก :^bบทเรียนรู้จากขบวนการพุทธฉือจี้ไต้หวันขบวนการที่เน้นหัวใจของความเป็นมนุษย์ /^cอำพล จินดาวัฒนะ
246 30 บทเรียนรู้จากขบวนการพุทธฉือจี้ไต้หวันขบวนการที่เน้นหัวใจของความเป็นมนุษย์
250    พิมพ์ครั้งที่ 3
260    กรุงเทพฯ :^bศูนย์ส่งเสริมและพัฒนาพลังแผ่นดินเชิงคุณธรรม(ศูนย์คุณธรรม) สำนักงานบริหารและพัฒนาองค์ความรู้ (องค์การมหาชน),^c2552
300    74 หน้า :^bภาพประกอบ ;^c21 ซม.
490 1  สิ่งพิมพ์ / ศูนย์ส่งเสริมและพัฒนาพลังแผ่นดินเชิงคุณธรรม ;^vอันดับที่ 8/2549
591    LIKA มีฉบับพิมพ์ครั้งที่ 3 (2552)
610 27 มูลนิธิพุทธฉือจี้
650  7 มนุษยธรรม
650  7 การกุศล
650  7 บริการทางการแพทย์^xแง่ศาสนา
650  7 อาสาสมัคร^zไต้หวัน
651  7 ไต้หวัน^xภาวะสังคม
710 2  สำนักงานบริหารและพัฒนาองค์ความรู้ (องค์การมหาชน)
710 2  ศูนย์ส่งเสริมและพัฒนาพลังแผ่นดินเชิงคุณธรรม (ศูนย์คุณธรรม)
710 2  ศูนย์คุณธรรม
830  0 สิ่งพิมพ์ (ศูนย์ส่งเสริมและพัฒนาพลังแผ่นดินเชิงคุณธรรม) ;^vอันดับที่ 8/2549
945    ^p0^l0^i028566
995    ทศพร
999 ^a ใช้งานได้ทุกระบบ
รายการนี้ยังไม่มีแท็ก
คุณยังไม่ได้ล็อกอิน คุณสามารถมีกิจกรรมร่วมกับเว็บไซต์ได้ แต่ต้องล็อกอินก่อน ::
  ล็อกอิน

รายการสื่อสารสนเทศ

ลำดับที่ ประเภท เลขเรียก/บาร์โค้ด สถานที่ สถานะ
- ไม่พบข้อมูล -

รายการใกล้เคียง
    ผู้แต่ง [อำพล จินดาวัฒนะ]

    หัวเรื่อง [มนุษยธรรม]
    หัวเรื่อง [การกุศล]

BibComment


ยังไม่เคยถูกคอมเมนท์

คอมเมนท์ทรัพยากรรายการนี้
  คอมเมนท์: จิตอาสา พลังสร้าง..


 Copyright 2026. Bcnsprnw @Library